Kerala Pazhama, Keralolpathy, Ayirathirunooru Pazhanchol (Record no. 54443)

MARC details
000 -LEADER
fixed length control field 00420nam a2200145Ia 4500
008 - FIXED-LENGTH DATA ELEMENTS--GENERAL INFORMATION
fixed length control field 211109s9999||||xx |||||||||||||| ||und||
082 ## - DEWEY DECIMAL CLASSIFICATION NUMBER
Classification number 954.095483
Item number GUN.H
100 ## - MAIN ENTRY--PERSONAL NAME
Personal name Gundert, Hermann
245 #0 - TITLE STATEMENT
Title Kerala Pazhama, Keralolpathy, Ayirathirunooru Pazhanchol
260 ## - PUBLICATION, DISTRIBUTION, ETC.
Name of publisher, distributor, etc. Sahithyapravarthaka
Place of publication, distribution, etc. Kottayam
Date of publication, distribution, etc. 2014
300 ## - PHYSICAL DESCRIPTION
Extent 205p.
630 ## - SUBJECT ADDED ENTRY--UNIFORM TITLE
General subdivision General stack
650 ## - SUBJECT ADDED ENTRY--TOPICAL TERM
Topical term or geographic name entry element India/Kerala
942 ## - ADDED ENTRY ELEMENTS (KOHA)
Koha item type BOOK
650 ## - SUBJECT ADDED ENTRY--TOPICAL TERM
Form subdivision HistoryMalayalam
Holdings
Withdrawn status Lost status Source of classification or shelving scheme Damaged status Not for loan Home library Current library Date acquired Cost, normal purchase price Total Checkouts Full call number Barcode Shelving location Date last seen Date last checked out Price effective from Koha item type
    Dewey Decimal Classification     SB LIBRARY SB LIBRARY 09/11/2021 160.00 3 954.09548 GUN-K 00096879 GENERAL STACK 27/08/2024 06/08/2024 09/11/2021 BOOK

Powered by Koha